[Event "Hoogeveen Open"]
[Site "Hoogeveen, Netherlands"]
[Date "2018.10.20"]
[Round "1.29"]
[White "Bluhm, Sonja Maria"]
[Black "Minko, Dmitry"]
[Result "1-0"]
[WhiteElo "2281"]
[BlackElo "2011"]

1. e4 {[%clk 01:30:58]} {[%emt 00:00:01]} e5 {[%clk 01:30:55]} {[%emt
00:00:05]} 2. Nf3 {[%clk 01:31:20]} {[%emt 00:00:08]} Nc6 {[%clk 01:31:19]}
{[%emt 00:00:06]} 3. Bc4 {[%clk 01:31:38]} {[%emt 00:00:11]} Nf6 {[%clk
01:31:38]} {[%emt 00:00:11]} 4. d3 {[%clk 01:32:00]} {[%emt 00:00:09]} h6
{[%clk 01:30:21]} {[%emt 00:01:46]} 5. c3 {[%clk 01:32:06]} {[%emt 00:00:25]}
g6 {[%clk 01:29:33]} {[%emt 00:01:18]} 6. O-O {[%clk 01:23:34]} {[%emt
00:09:02]} Bg7 {[%clk 01:28:31]} {[%emt 00:01:31]} 7. a4 {[%clk 01:20:25]}
{[%emt 00:03:40]} a5 {[%clk 01:13:56]} {[%emt 00:15:06]} 8. h3 {[%clk
01:18:24]} {[%emt 00:02:31]} O-O {[%clk 01:09:18]} {[%emt 00:05:08]} 9. Be3
{[%clk 01:18:43]} {[%emt 00:00:12]} d5 {[%clk 01:06:42]} {[%emt 00:03:05]} 10.
exd5 {[%clk 01:17:39]} {[%emt 00:01:35]} Nxd5 {[%clk 01:06:59]} {[%emt
00:00:12]} 11. Bc5 {[%clk 01:17:16]} {[%emt 00:00:52]} Nde7 {[%clk 01:01:25]}
{[%emt 00:06:04]} 12. Re1 {[%clk 01:14:02]} {[%emt 00:03:45]} Be6 {[%clk
00:41:25]} {[%emt 00:20:30]} 13. Bb5 {[%clk 01:10:02]} {[%emt 00:04:30]} Qd5
{[%clk 00:36:02]} {[%emt 00:05:54]} 14. d4 {[%clk 01:08:41]} {[%emt 00:01:51]}
exd4 {[%clk 00:33:06]} {[%emt 00:03:25]} 15. cxd4 {[%clk 01:08:59]} {[%emt
00:00:13]} Rfd8 {[%clk 00:28:21]} {[%emt 00:05:15]} 16. Nc3 {[%clk 01:08:10]}
{[%emt 00:01:19]} Qh5 {[%clk 00:26:14]} {[%emt 00:02:36]} 17. Ne5 {[%clk
01:03:05]} {[%emt 00:05:36]} Qxd1 {[%clk 00:22:50]} {[%emt 00:03:53]} 18. Raxd1
{[%clk 01:03:26]} {[%emt 00:00:10]} Bxe5 {[%clk 00:21:24]} {[%emt 00:01:55]} 19.
dxe5 {[%clk 01:03:18]} {[%emt 00:00:39]} b6 {[%clk 00:20:14]} {[%emt 00:01:40]}
20. Ba3 {[%clk 00:57:46]} {[%emt 00:06:02]} Nb4 {[%clk 00:19:36]} {[%emt
00:01:08]} 21. Rc1 {[%clk 00:51:10]} {[%emt 00:07:06]} Nf5 {[%clk 00:12:48]}
{[%emt 00:07:18]} 22. Ne4 {[%clk 00:50:46]} {[%emt 00:00:54]} c5 {[%clk
00:11:31]} {[%emt 00:01:46]} 23. f4 {[%clk 00:41:17]} {[%emt 00:10:00]} Nd3
{[%clk 00:11:02]} {[%emt 00:01:00]} 24. Bxd3 {[%clk 00:38:16]} {[%emt
00:03:30]} Rxd3 {[%clk 00:11:30]} {[%emt 00:00:01]} 25. Rc3 {[%clk 00:37:49]}
{[%emt 00:00:58]} Rad8 {[%clk 00:11:12]} {[%emt 00:00:47]} 26. g4 {[%clk
00:35:19]} {[%emt 00:03:00]} Nh4 {[%clk 00:09:46]} {[%emt 00:01:56]} 27. Kf2
{[%clk 00:35:07]} {[%emt 00:00:42]} Rxc3 {[%clk 00:07:53]} {[%emt 00:02:24]} 28.
bxc3 {[%clk 00:33:22]} {[%emt 00:02:15]} Rd3 {[%clk 00:08:15]} {[%emt
00:00:07]} 29. Rb1 {[%clk 00:30:16]} {[%emt 00:03:36]} Rf3+ {[%clk 00:06:15]}
{[%emt 00:02:32]} 30. Ke2 {[%clk 00:28:05]} {[%emt 00:02:40]} Bc4+ {[%clk
00:03:07]} {[%emt 00:03:39]} 31. Kd2 {[%clk 00:28:24]} {[%emt 00:00:10]} Kg7
{[%clk 00:03:04]} {[%emt 00:00:32]} 32. Rxb6 {[%clk 00:27:08]} Rd3+ {[%clk
00:01:02]} {[%emt 00:04:19]} 33. Kc1 {[%clk 00:18:05]} {[%emt 00:09:34]} Ng2
{[%clk 00:00:59]} {[%emt 00:00:33]} 34. Rb8 {[%clk 00:12:03]} {[%emt 00:06:32]}
Ne3 {[%clk 00:01:15]} {[%emt 00:00:14]} 35. Bxc5 {[%clk 00:08:49]} {[%emt
00:03:44]} Rd1+ {[%clk 00:01:32]} {[%emt 00:00:12]} 36. Kb2 {[%clk 00:09:10]}
{[%emt 00:00:10]} Bd3 {[%clk 00:01:58]} {[%emt 00:00:04]} 37. Bf8+ {[%clk
00:09:01]} {[%emt 00:00:39]} Kh8 {[%clk 00:01:53]} {[%emt 00:00:35]} 38. Be7+
{[%clk 00:08:49]} {[%emt 00:00:42]} Kh7 {[%clk 00:02:06]} {[%emt 00:00:17]} 39.
Nf6+ {[%clk 00:09:12]} {[%emt 00:00:07]} 1-0

[Event "Hoogeveen Open"]
[Site "Hoogeveen, Netherlands"]
[Date "2018.10.20"]
[Round "1.30"]
[White "Emans, Job"]
[Black "Hamblok, Roel"]
[Result "0-1"]
[WhiteElo "1927"]
[BlackElo "2275"]

1. d4 {[%clk 01:30:56]} {[%emt 00:00:03]} Nf6 {[%clk 01:29:24]} {[%emt
00:01:37]} 2. c4 {[%clk 01:30:53]} {[%emt 00:00:32]} e6 {[%clk 01:29:23]}
{[%emt 00:00:31]} 3. Nf3 {[%clk 01:30:45]} {[%emt 00:00:38]} Bb4+ {[%clk
01:28:59]} {[%emt 00:00:55]} 4. Bd2 {[%clk 01:29:14]} {[%emt 00:02:01]} Qe7
{[%clk 01:29:21]} {[%emt 00:00:07]} 5. g3 {[%clk 01:27:00]} {[%emt 00:02:44]}
Nc6 {[%clk 01:29:09]} {[%emt 00:00:43]} 6. Bg2 {[%clk 01:24:37]} {[%emt
00:02:52]} Bxd2+ {[%clk 01:29:24]} {[%emt 00:00:15]} 7. Nbxd2 {[%clk 01:23:58]}
{[%emt 00:01:10]} d6 {[%clk 01:29:44]} {[%emt 00:00:09]} 8. e4 {[%clk
01:19:25]} {[%emt 00:05:03]} e5 {[%clk 01:29:37]} {[%emt 00:00:38]} 9. d5
{[%clk 01:19:26]} {[%emt 00:00:29]} Nb8 {[%clk 01:29:56]} {[%emt 00:00:11]} 10.
O-O {[%clk 01:18:19]} {[%emt 00:01:37]} a5 {[%clk 01:30:00]} {[%emt 00:00:25]}
11. Rc1 {[%clk 01:13:57]} {[%emt 00:04:52]} Nbd7 {[%clk 01:27:56]} {[%emt
00:02:34]} 12. Qc2 {[%clk 01:03:10]} {[%emt 00:11:17]} O-O {[%clk 01:26:34]}
{[%emt 00:01:51]} 13. Ne1 {[%clk 01:02:54]} {[%emt 00:00:47]} Nc5 {[%clk
01:26:37]} {[%emt 00:00:27]} 14. Nd3 {[%clk 01:02:36]} {[%emt 00:00:48]} Nfd7
{[%clk 01:25:01]} {[%emt 00:02:06]} 15. f4 {[%clk 00:56:13]} {[%emt 00:06:52]}
Nxd3 {[%clk 01:22:54]} {[%emt 00:02:38]} 16. Qxd3 {[%clk 00:56:35]} {[%emt
00:00:07]} Nc5 {[%clk 01:23:14]} {[%emt 00:00:10]} 17. Qe3 {[%clk 00:56:36]}
{[%emt 00:00:29]} Bd7 {[%clk 01:21:57]} {[%emt 00:01:47]} 18. Rce1 {[%clk
00:47:38]} {[%emt 00:09:28]} f6 {[%clk 01:19:28]} {[%emt 00:02:59]} 19. f5
{[%clk 00:42:56]} {[%emt 00:05:11]} b5 {[%clk 01:12:31]} {[%emt 00:07:28]} 20.
b3 {[%clk 00:31:16]} {[%emt 00:12:09]} Rfb8 {[%clk 01:11:20]} {[%emt 00:01:41]}
21. cxb5 {[%clk 00:27:58]} {[%emt 00:03:49]} Bxb5 {[%clk 01:05:46]} {[%emt
00:06:04]} 22. Rf3 {[%clk 00:28:10]} {[%emt 00:00:17]} Be8 {[%clk 01:04:46]}
{[%emt 00:01:31]} 23. Qc3 {[%clk 00:27:09]} {[%emt 00:01:31]} Rb7 {[%clk
00:58:48]} {[%emt 00:06:28]} 24. Nc4 {[%clk 00:25:10]} {[%emt 00:02:29]} Rba7
{[%clk 00:57:16]} {[%emt 00:02:02]} 25. Bf1 {[%clk 00:25:09]} {[%emt 00:00:31]}
Qd8 {[%clk 00:57:16]} {[%emt 00:00:30]} 26. Rfe3 {[%clk 00:24:23]} {[%emt
00:01:16]} Qb8 {[%clk 00:56:16]} {[%emt 00:01:30]} 27. Rc1 {[%clk 00:22:33]}
{[%emt 00:02:21]} Qb4 {[%clk 00:53:59]} {[%emt 00:02:47]} 28. Qc2 {[%clk
00:20:57]} {[%emt 00:02:05]} Rb8 {[%clk 00:51:18]} {[%emt 00:03:10]} 29. a3
{[%clk 00:19:52]} {[%emt 00:01:36]} Qb7 {[%clk 00:51:10]} {[%emt 00:00:37]} 30.
Nxa5 {[%clk 00:19:22]} {[%emt 00:01:01]} Rxa5 {[%clk 00:45:48]} {[%emt
00:05:52]} 31. b4 {[%clk 00:19:36]} {[%emt 00:00:17]} Ba4 {[%clk 00:41:47]}
{[%emt 00:04:30]} 32. Qc3 {[%clk 00:17:11]} {[%emt 00:02:55]} Nb3 {[%clk
00:31:34]} {[%emt 00:10:44]} 33. bxa5 {[%clk 00:15:23]} {[%emt 00:02:18]} Nxc1
{[%clk 00:31:58]} {[%emt 00:00:06]} 34. Qxc1 {[%clk 00:15:06]} {[%emt
00:00:46]} Qa7 {[%clk 00:32:09]} {[%emt 00:00:19]} 35. a6 {[%clk 00:03:16]}
{[%emt 00:12:20]} Bb5 {[%clk 00:21:42]} {[%emt 00:10:57]} 36. Bxb5 {[%clk
00:03:25]} {[%emt 00:00:21]} Rxb5 {[%clk 00:22:06]} {[%emt 00:00:07]} 37. Kg2
{[%clk 00:03:04]} {[%emt 00:00:51]} Qxa6 {[%clk 00:19:48]} {[%emt 00:02:48]} 38.
Rc3 {[%clk 00:03:04]} {[%emt 00:00:29]} Qa4 {[%clk 00:19:11]} {[%emt 00:01:06]}
39. Rxc7 {[%clk 00:01:02]} {[%emt 00:02:33]} Qxe4+ {[%clk 00:19:21]} {[%emt
00:00:20]} 40. Kg1 {[%clk 00:00:35]} {[%emt 00:00:56]} Qxf5 {[%clk 00:11:27]}
{[%emt 00:08:24]} 41. Rc2 {[%clk 00:15:51]} {[%emt 00:15:14]} h5 {[%clk
00:41:12]} {[%emt 00:00:45]} 42. Qd1 {[%clk 00:12:33]} {[%emt 00:03:49]} e4
{[%clk 00:39:58]} {[%emt 00:01:44]} 43. Qe2 {[%clk 00:10:58]} {[%emt 00:02:05]}
Qxd5 {[%clk 00:37:06]} {[%emt 00:03:22]} 44. Rc8+ {[%clk 00:10:56]} {[%emt
00:00:32]} Kh7 {[%clk 00:36:17]} {[%emt 00:01:19]} 45. Re8 {[%clk 00:11:17]}
{[%emt 00:00:09]} Qd4+ {[%clk 00:36:14]} {[%emt 00:00:34]} 0-1

[Event "Hoogeveen Open"]
[Site "Hoogeveen, Netherlands"]
[Date "2018.10.20"]
[Round "1.31"]
[White "Schippers, Maurice"]
[Black "De Vries, Emma"]
[Result "1-0"]
[WhiteElo "2272"]
[BlackElo "1905"]

1. e4 {[%clk 01:30:58]} {[%emt 00:00:02]} e6 {[%clk 01:30:56]} {[%emt
00:00:05]} 2. d4 {[%clk 01:31:20]} {[%emt 00:00:08]} d5 {[%clk 01:31:20]}
{[%emt 00:00:05]} 3. Nd2 {[%clk 01:31:39]} {[%emt 00:00:11]} Nf6 {[%clk
01:31:38]} {[%emt 00:00:13]} 4. e5 {[%clk 01:32:04]} {[%emt 00:00:05]} Nfd7
{[%clk 01:32:04]} {[%emt 00:00:03]} 5. c3 {[%clk 01:32:13]} {[%emt 00:00:21]}
c5 {[%clk 01:32:21]} {[%emt 00:00:13]} 6. Bd3 {[%clk 01:32:39]} {[%emt
00:00:04]} Nc6 {[%clk 01:32:46]} {[%emt 00:00:06]} 7. Ne2 {[%clk 01:33:05]}
{[%emt 00:00:04]} cxd4 {[%clk 01:32:00]} {[%emt 00:01:15]} 8. cxd4 {[%clk
01:33:04]} {[%emt 00:00:31]} f6 {[%clk 01:32:17]} {[%emt 00:00:13]} 9. exf6
{[%clk 01:33:30]} {[%emt 00:00:04]} Nxf6 {[%clk 01:32:42]} {[%emt 00:00:06]} 10.
Nf3 {[%clk 01:33:18]} {[%emt 00:00:41]} Bd6 {[%clk 01:32:51]} {[%emt 00:00:21]}
11. O-O {[%clk 01:33:10]} {[%emt 00:00:38]} Qc7 {[%clk 01:32:57]} {[%emt
00:00:24]} 12. h3 {[%clk 01:32:06]} {[%emt 00:01:34]} O-O {[%clk 01:32:25]}
{[%emt 00:01:02]} 13. Be3 {[%clk 01:32:03]} {[%emt 00:00:33]} Bd7 {[%clk
01:27:39]} {[%emt 00:05:16]} 14. Nc3 {[%clk 01:31:00]} {[%emt 00:01:34]} a6
{[%clk 01:27:54]} {[%emt 00:00:15]} 15. Re1 {[%clk 01:31:05]} {[%emt 00:00:24]}
Rae8 {[%clk 01:22:47]} {[%emt 00:05:37]} 16. Rc1 {[%clk 01:30:23]} {[%emt
00:01:12]} Qb8 {[%clk 01:05:08]} {[%emt 00:18:10]} 17. a3 {[%clk 01:27:30]}
{[%emt 00:03:23]} b5 {[%clk 00:56:21]} {[%emt 00:09:16]} 18. b4 {[%clk
01:23:57]} {[%emt 00:04:03]} Re7 {[%clk 00:51:39]} {[%emt 00:05:12]} 19. Qb3
{[%clk 01:04:47]} {[%emt 00:19:40]} Kh8 {[%clk 00:43:53]} {[%emt 00:08:17]} 20.
Qb1 {[%clk 01:02:27]} {[%emt 00:02:48]} Qe8 {[%clk 00:37:37]} {[%emt 00:06:46]}
21. Ne2 {[%clk 00:55:45]} {[%emt 00:07:13]} Qb8 {[%clk 00:17:33]} {[%emt
00:20:35]} 22. Ng5 {[%clk 00:40:38]} {[%emt 00:15:36]} g6 {[%clk 00:16:43]}
{[%emt 00:01:21]} 23. f4 {[%clk 00:25:42]} {[%emt 00:15:25]} a5 {[%clk
00:14:58]} {[%emt 00:02:16]} 24. Bd2 {[%clk 00:22:23]} {[%emt 00:03:48]} Qa7
{[%clk 00:13:54]} {[%emt 00:01:34]} 25. Nf3 {[%clk 00:20:46]} {[%emt 00:02:06]}
e5 {[%clk 00:10:58]} {[%emt 00:03:26]} 26. fxe5 {[%clk 00:18:31]} {[%emt
00:02:46]} Nxe5 {[%clk 00:10:59]} {[%emt 00:00:29]} 27. Nxe5 {[%clk 00:18:00]}
{[%emt 00:01:01]} Rxe5 {[%clk 00:10:26]} {[%emt 00:01:03]} 28. bxa5 {[%clk
00:14:52]} {[%emt 00:03:39]} Bxa3 {[%clk 00:08:14]} {[%emt 00:02:41]} 29. Bb4
{[%clk 00:12:33]} {[%emt 00:02:49]} Rxe2 {[%clk 00:05:56]} {[%emt 00:02:48]} 30.
Bxa3 {[%clk 00:10:54]} {[%emt 00:02:09]} Qxd4+ {[%clk 00:05:21]} {[%emt
00:01:06]} 31. Kh1 {[%clk 00:09:53]} {[%emt 00:01:29]} Rxe1+ {[%clk 00:04:33]}
{[%emt 00:01:19]} 32. Rxe1 {[%clk 00:10:19]} {[%emt 00:00:04]} Rf7 {[%clk
00:02:09]} {[%emt 00:02:54]} 33. Rf1 {[%clk 00:06:05]} {[%emt 00:04:44]} Kg7
{[%clk 00:01:47]} {[%emt 00:00:53]} 34. Bb2 {[%clk 00:05:37]} {[%emt 00:00:58]}
Qc5 {[%clk 00:01:44]} {[%emt 00:00:34]} 35. Qa1 {[%clk 00:05:22]} {[%emt
00:00:44]} Qc6 {[%clk 00:01:52]} {[%emt 00:00:22]} 36. Bd4 {[%clk 00:04:28]}
{[%emt 00:01:24]} Qd6 {[%clk 00:01:06]} {[%emt 00:01:16]} 37. a6 {[%clk
00:03:41]} {[%emt 00:01:18]} Bc6 {[%clk 00:01:03]} {[%emt 00:00:32]} 38. a7
{[%clk 00:03:41]} {[%emt 00:00:30]} Ba8 {[%clk 00:01:24]} {[%emt 00:00:10]} 39.
Bxb5 {[%clk 00:03:18]} {[%emt 00:00:52]} 1-0

[Event "Hoogeveen Open"]
[Site "Hoogeveen, Netherlands"]
[Date "2018.10.20"]
[Round "1.32"]
[White "Shakhverdian, William"]
[Black "Ojas, Kulkarni"]
[Result "1/2-1/2"]
[WhiteElo "1903"]
[BlackElo "2254"]

1. d4 {[%clk 01:30:58]} {[%emt 00:00:02]} Nf6 {[%clk 01:30:50]} {[%emt
00:00:10]} 2. Nf3 {[%clk 01:31:09]} {[%emt 00:00:19]} g6 {[%clk 01:31:11]}
{[%emt 00:00:09]} 3. c4 {[%clk 01:31:32]} {[%emt 00:00:07]} Bg7 {[%clk
01:31:26]} {[%emt 00:00:15]} 4. Nc3 {[%clk 01:31:55]} {[%emt 00:00:07]} d5
{[%clk 01:31:42]} {[%emt 00:00:14]} 5. cxd5 {[%clk 01:31:23]} {[%emt 00:01:02]}
Nxd5 {[%clk 01:32:06]} {[%emt 00:00:06]} 6. e4 {[%clk 01:28:50]} {[%emt
00:03:03]} Nxc3 {[%clk 01:32:27]} {[%emt 00:00:08]} 7. bxc3 {[%clk 01:29:15]}
{[%emt 00:00:05]} c5 {[%clk 01:32:46]} {[%emt 00:00:11]} 8. Be3 {[%clk
01:25:56]} {[%emt 00:03:50]} Qa5 {[%clk 01:30:42]} {[%emt 00:02:34]} 9. Qd2
{[%clk 01:25:07]} {[%emt 00:01:19]} O-O {[%clk 01:31:03]} {[%emt 00:00:09]} 10.
Rc1 {[%clk 01:22:04]} {[%emt 00:03:33]} Rd8 {[%clk 01:31:21]} {[%emt 00:00:11]}
11. d5 {[%clk 01:18:47]} {[%emt 00:03:48]} e6 {[%clk 01:31:42]} {[%emt
00:00:09]} 12. c4 {[%clk 01:17:52]} {[%emt 00:01:25]} Qxd2+ {[%clk 01:32:05]}
{[%emt 00:00:07]} 13. Nxd2 {[%clk 01:16:58]} {[%emt 00:01:24]} Na6 {[%clk
01:32:28]} {[%emt 00:00:07]} 14. Be2 {[%clk 01:14:10]} {[%emt 00:03:18]} b6
{[%clk 01:31:24]} {[%emt 00:01:33]} 15. O-O {[%clk 01:05:53]} {[%emt 00:08:47]}
Nb4 {[%clk 01:30:19]} {[%emt 00:01:36]} 16. a3 {[%clk 01:06:09]} {[%emt
00:00:14]} Na2 {[%clk 01:30:41]} {[%emt 00:00:07]} 17. Rc2 {[%clk 01:06:01]}
{[%emt 00:00:38]} Nc3 {[%clk 01:30:23]} {[%emt 00:00:48]} 18. Bd3 {[%clk
01:03:29]} {[%emt 00:03:03]} Ba6 {[%clk 01:09:00]} {[%emt 00:21:53]} 19. Nb1
{[%clk 00:49:12]} {[%emt 00:14:46]} exd5 {[%clk 01:01:26]} {[%emt 00:08:05]} 20.
Nxc3 {[%clk 00:40:59]} {[%emt 00:08:43]} Bxc3 {[%clk 00:55:10]} {[%emt
00:06:46]} 21. exd5 {[%clk 00:40:56]} {[%emt 00:00:33]} Bf6 {[%clk 00:52:49]}
{[%emt 00:02:50]} 22. Rd1 {[%clk 00:35:26]} {[%emt 00:06:00]} Rd7 {[%clk
00:48:52]} {[%emt 00:04:27]} 23. a4 {[%clk 00:27:20]} {[%emt 00:08:36]} Rad8
{[%clk 00:24:10]} {[%emt 00:25:11]} 1/2-1/2

[Event "Hoogeveen Open"]
[Site "Hoogeveen, Netherlands"]
[Date "2018.10.20"]
[Round "1.34"]
[White "Bleeker, Kasper"]
[Black "Kokje, Joris"]
[Result "0-1"]
[WhiteElo "1891"]
[BlackElo "2232"]

1. e4 {[%clk 01:30:56]} {[%emt 00:00:03]} c5 {[%clk 01:30:55]} {[%emt
00:00:06]} 2. d4 {[%clk 01:31:19]} {[%emt 00:00:06]} cxd4 {[%clk 01:31:20]}
{[%emt 00:00:06]} 3. c3 {[%clk 01:31:45]} {[%emt 00:00:04]} Nf6 {[%clk
01:31:45]} {[%emt 00:00:05]} 4. e5 {[%clk 01:32:10]} {[%emt 00:00:05]} Nd5
{[%clk 01:32:10]} {[%emt 00:00:05]} 5. cxd4 {[%clk 01:32:30]} {[%emt 00:00:10]}
Nc6 {[%clk 01:32:13]} {[%emt 00:00:28]} 6. Nf3 {[%clk 01:32:21]} {[%emt
00:00:38]} d6 {[%clk 01:32:31]} {[%emt 00:00:12]} 7. Be2 {[%clk 01:30:58]}
{[%emt 00:01:53]} dxe5 {[%clk 01:25:49]} {[%emt 00:07:12]} 8. dxe5 {[%clk
01:29:23]} {[%emt 00:02:05]} Bg4 {[%clk 01:23:54]} {[%emt 00:02:25]} 9. O-O
{[%clk 01:26:58]} {[%emt 00:02:54]} e6 {[%clk 01:22:41]} {[%emt 00:01:44]} 10.
Qa4 {[%clk 01:23:56]} {[%emt 00:03:32]} Bh5 {[%clk 01:17:57]} {[%emt 00:05:13]}
11. Bg5 {[%clk 01:09:08]} {[%emt 00:15:19]} Qd7 {[%clk 01:15:48]} {[%emt
00:02:39]} 12. Nbd2 {[%clk 01:07:20]} {[%emt 00:02:18]} h6 {[%clk 01:07:23]}
{[%emt 00:08:56]} 13. Bh4 {[%clk 01:01:08]} {[%emt 00:06:41]} Bb4 {[%clk
01:02:36]} {[%emt 00:05:17]} 14. Rad1 {[%clk 00:48:11]} {[%emt 00:13:28]} O-O
{[%clk 00:57:53]} {[%emt 00:05:12]} 15. Kh1 {[%clk 00:30:28]} {[%emt 00:18:14]}
Nxe5 {[%clk 00:50:09]} {[%emt 00:08:14]} 16. Bb5 {[%clk 00:30:23]} {[%emt
00:00:35]} Nc6 {[%clk 00:49:58]} {[%emt 00:00:41]} 17. Ne4 {[%clk 00:24:33]}
{[%emt 00:06:21]} Qc7 {[%clk 00:35:00]} {[%emt 00:15:27]} 18. Qb3 {[%clk
00:07:08]} {[%emt 00:17:56]} Qf4 {[%clk 00:18:05]} {[%emt 00:17:25]} 19. Bxc6
{[%clk 00:06:41]} {[%emt 00:00:57]} bxc6 {[%clk 00:18:03]} {[%emt 00:00:31]} 20.
Rd4 {[%clk 00:06:28]} {[%emt 00:00:44]} Qb8 {[%clk 00:15:16]} {[%emt 00:03:18]}
21. Qc2 {[%clk 00:03:11]} {[%emt 00:03:46]} Qb6 {[%clk 00:12:37]} {[%emt
00:03:08]} 22. Rc4 {[%clk 00:03:26]} {[%emt 00:00:16]} Bxf3 {[%clk 00:06:42]}
{[%emt 00:06:25]} 23. gxf3 {[%emt 00:01:48]} f5 {[%clk 00:05:25]} 24. Nc5
{[%clk 00:03:05]} {[%emt 00:01:20]} Bxc5 {[%clk 00:05:37]} {[%emt 00:00:18]} 25.
Rxc5 {[%clk 00:03:32]} {[%emt 00:00:01]} Rac8 {[%clk 00:05:49]} {[%emt
00:00:19]} 26. Rc1 {[%clk 00:03:37]} {[%emt 00:00:25]} Qc7 {[%clk 00:03:38]}
{[%emt 00:02:42]} 27. Rxc6 {[%clk 00:02:12]} {[%emt 00:01:55]} Qxc6 {[%clk
00:04:03]} {[%emt 00:00:05]} 28. Qxc6 {[%clk 00:02:41]} Rxc6 {[%clk 00:04:32]}
{[%emt 00:00:02]} 29. Rxc6 {[%clk 00:03:10]} g5 {[%clk 00:03:22]} {[%emt
00:01:40]} 30. Rxe6 {[%clk 00:03:28]} {[%emt 00:00:12]} Rf6 {[%clk 00:00:58]}
{[%emt 00:02:54]} 31. Re5 {[%clk 00:01:42]} {[%emt 00:02:16]} Nb6 {[%clk
00:01:23]} {[%emt 00:00:05]} 32. Bg3 {[%clk 00:01:34]} {[%emt 00:00:38]} f4
{[%clk 00:01:48]} {[%emt 00:00:05]} 33. Kg2 {[%clk 00:00:53]} {[%emt 00:01:10]}
fxg3 {[%clk 00:00:54]} {[%emt 00:01:24]} 34. fxg3 {[%clk 00:01:17]} {[%emt
00:00:06]} Rd6 {[%clk 00:00:56]} {[%emt 00:00:29]} 35. Rb5 {[%clk 00:01:12]}
{[%emt 00:00:35]} Kf7 {[%clk 00:01:07]} {[%emt 00:00:19]} 36. h4 {[%clk
00:01:24]} {[%emt 00:00:18]} gxh4 {[%clk 00:01:17]} {[%emt 00:00:20]} 37. gxh4
{[%clk 00:01:53]} a6 {[%clk 00:01:08]} {[%emt 00:00:38]} 38. Rb4 {[%clk
00:00:59]} {[%emt 00:01:24]} Nd5 {[%clk 00:01:11]} {[%emt 00:00:28]} 39. Rb7+
{[%clk 00:01:05]} {[%emt 00:00:24]} Kf6 {[%clk 00:01:26]} {[%emt 00:00:15]} 40.
Kg3 {[%clk 00:01:17]} {[%emt 00:00:19]} Ne3 {[%clk 00:00:51]} {[%emt 00:01:04]}
41. b4 {[%clk 00:27:50]} {[%emt 00:03:57]} Nf5+ {[%clk 00:30:15]} {[%emt
00:01:05]} 42. Kh3 {[%clk 00:25:42]} {[%emt 00:02:38]} Ke5 {[%clk 00:27:55]}
{[%emt 00:02:50]} 43. b5 {[%clk 00:14:11]} {[%emt 00:12:01]} axb5 {[%clk
00:27:38]} {[%emt 00:00:48]} 44. Rxb5+ {[%clk 00:14:32]} {[%emt 00:00:09]} Kf4
{[%clk 00:28:02]} {[%emt 00:00:05]} 45. Rb3 {[%clk 00:14:09]} {[%emt 00:00:54]}
Ne3 {[%clk 00:27:13]} {[%emt 00:01:19]} 46. Rb8 {[%clk 00:11:48]} {[%emt
00:02:51]} Kxf3 {[%clk 00:24:54]} {[%emt 00:02:48]} 47. Rf8+ {[%clk 00:12:10]}
{[%emt 00:00:08]} Ke4 {[%clk 00:25:17]} {[%emt 00:00:07]} 48. a4 {[%clk
00:11:53]} {[%emt 00:00:48]} Ra6 {[%clk 00:22:46]} {[%emt 00:03:01]} 49. Re8+
{[%clk 00:10:23]} {[%emt 00:02:00]} Kf4 {[%clk 00:22:58]} {[%emt 00:00:16]} 50.
Rf8+ {[%clk 00:10:50]} {[%emt 00:00:04]} Nf5 {[%clk 00:23:21]} {[%emt
00:00:07]} 51. Rg8 {[%clk 00:11:16]} {[%emt 00:00:05]} Rc6 {[%clk 00:20:51]}
{[%emt 00:03:00]} 52. Rg4+ {[%clk 00:10:58]} {[%emt 00:00:48]} Kf3 {[%clk
00:21:07]} {[%emt 00:00:14]} 53. Rb4 {[%clk 00:10:16]} {[%emt 00:01:12]} Rc1
{[%clk 00:20:48]} {[%emt 00:00:48]} 54. Kh2 {[%clk 00:09:32]} {[%emt 00:01:15]}
Ne3 {[%clk 00:20:31]} {[%emt 00:00:46]} 55. Rb3 {[%clk 00:07:22]} {[%emt
00:02:42]} Ra1 {[%clk 00:20:20]} {[%emt 00:00:41]} 56. Rd3 {[%clk 00:06:27]}
{[%emt 00:01:25]} Rxa4 {[%clk 00:20:43]} {[%emt 00:00:07]} 57. Kh3 {[%clk
00:06:39]} {[%emt 00:00:19]} Ra1 {[%clk 00:18:28]} {[%emt 00:02:44]} 58. Kh2
{[%clk 00:07:06]} {[%emt 00:00:03]} Rb1 {[%clk 00:18:11]} {[%emt 00:00:47]} 59.
Ra3 {[%clk 00:07:04]} {[%emt 00:00:32]} h5 {[%clk 00:16:32]} {[%emt 00:02:10]}
60. Rd3 {[%clk 00:07:10]} {[%emt 00:00:24]} Rc1 {[%clk 00:16:36]} {[%emt
00:00:25]} 61. Ra3 {[%clk 00:07:22]} {[%emt 00:00:20]} Re1 {[%clk 00:16:08]}
{[%emt 00:00:57]} 62. Rb3 {[%clk 00:07:26]} {[%emt 00:00:27]} Kf2 {[%clk
00:15:50]} {[%emt 00:00:47]} 63. Rb2+ {[%clk 00:07:04]} {[%emt 00:00:53]} Re2
{[%clk 00:16:05]} {[%emt 00:00:14]} 64. Rxe2+ {[%clk 00:06:55]} {[%emt
00:00:39]} Kxe2 {[%clk 00:16:29]} {[%emt 00:00:06]} 65. Kg3 {[%clk 00:07:22]}
{[%emt 00:00:04]} Nd5 {[%clk 00:16:51]} {[%emt 00:00:07]} 66. Kg2 {[%clk
00:07:40]} {[%emt 00:00:12]} Ke3 {[%clk 00:17:01]} {[%emt 00:00:21]} 67. Kg3
{[%clk 00:08:09]} Ne7 {[%clk 00:17:17]} {[%emt 00:00:13]} 0-1